Évszázadok főhajtása

Bibliographic Details
Main Author: Balassa, Zoltán, 1949- (Author)
Format: Article
Language:Hungarian
Subjects:

MARC

LEADER 00000nab a2200000 a 4500
001 vtls000514932
003 SK-MaSNL
005 20260318125046.0
008 160216c1994 xo 0 hun
015 |a SNBRB19rr/mm-uuuuu 
035 |a CL0515070 
040 |a SNKBUCL  |b slo  |c SNKBUCL  |e AACR2 
041 0 |a hun 
044 |a xo  |c SK 
080 |a 902-051  |2 1981 
080 |a 930.1-051  |2 1981 
080 |a 069-051  |2 1981 
080 |a 929 Balaša, Gejza  |2 1981 
100 1 |a Balassa, Zoltán,  |d 1949-  |4 aut  |9 502859 
245 1 0 |a Évszázadok főhajtása  |c Zoltán Balassa 
600 1 7 |a Balaša, Gejza,  |d 1914-1994  |2 snkbucl  |9 246269 
655 7 |a články z novín a časopisov  |2 snkbucl  |9 267496 
773 0 |t A Hét  |g Roč. 39, č. 16 (1994), s. 9 
850 |a Slovenská národná knižnica v Martine  |a DSG001 
852 |a SNK  |b KIS3GCP 
958 |a BX 
958 |a RK 
992 |a RBX 
999 |c 2618621  |d 2620551